AIIMS Norcet-9 Nursing Officer 'B' (Record no. 370411)

MARC details
000 -LEADER
fixed length control field 00452nam a2200157 4500
005 - DATE AND TIME OF LATEST TRANSACTION
control field 20260211143618.0
008 - FIXED-LENGTH DATA ELEMENTS--GENERAL INFORMATION
fixed length control field 260211b |||||||| |||| 00| 0 eng d
041 ## - LANGUAGE CODE
Language code of text/sound track or separate title English
082 ## - DEWEY DECIMAL CLASSIFICATION NUMBER
Classification number F 610.73 GRO
Item number B12210
100 ## - MAIN ENTRY--PERSONAL NAME
Author Grover, Vikas
245 ## - TITLE STATEMENT
Title AIIMS Norcet-9 Nursing Officer 'B'
Remainder of title Commen elegibility Test CBT Stage I
260 ## - PUBLICATION, DISTRIBUTION, ETC.
Place of publication, distribution, etc. New Delhi
Name of publisher, distributor, etc. AIIMS Norcet -9
Date of publication, distribution, etc. 2025
300 ## - PHYSICAL DESCRIPTION
Extent 292p
Other physical details pb
365 ## - TRADE PRICE
Price type code Rupaye
Price amount 260
Currency code INR
942 ## - ADDED ENTRY ELEMENTS (KOHA)
Koha item type Books

No items available.